000 00815nam a2200193 i 4500
001 157170
003 ES-MaACL
005 20230906210615.0
008 040810s1886 sp |||| | spa d
100 1 _aLasarte y Gómez, Pedro.
_9128716
245 1 0 _aMemoria y discurso leídos en la apertura del curso de 1885 a 1886 /
_cpor Pedro Lasarte y Gómez y Francisco Ramírez y Ramírez.
260 _aValencia :
_b[s.n.],
_c1886 (
_fImp. de M. Manáut)
300 _a29 p., [1] h. pleg. ;
_c24 cm.
594 _aPrecede al tít.: Ateneo Mercantil de Valencia.
610 2 4 _aAteneo Mercantil (Valencia)
_92050
700 1 _aRamírez y Ramírez, Francisco.
_9131594
710 2 _aAteneo Mercantil (Valencia)
_92050
852 _aES-MaACL
_jT-437-F-20
_z- Enc. hol.
_q- Falto de cub. original
_z- Enc. en un vol. facticio
999 _c157170
_d157170